| 000 | 00784nam a2200229 i 4500 | ||
|---|---|---|---|
| 001 | 10316 | ||
| 003 | ES-MaACL | ||
| 005 | 20230906145849.0 | ||
| 008 | 950504s1994 sp f |||| |dspa d | ||
| 020 | _a84-86568-57-9 | ||
| 080 | _a929.7 | ||
| 100 | 1 |
_aMárquez de la Plata, Vicenta María. _977021 |
|
| 245 | 1 | 3 |
_aEl libro de oro de los duques / _cVicenta María Márquez de la Plata, Luis Valero de Bernabé. |
| 260 |
_aMadrid : _bPrensa y Ediciones Iberoamericanas, _cD.L. 1994. |
||
| 300 |
_a450 p. : _b[16] p. de lám. ; _c23 cm. |
||
| 490 | 1 |
_aEl Persevante Borgoña ; _v11 |
|
| 650 | 1 | 4 |
_aNobleza- _xEspaña. _915578 |
| 700 | 1 |
_aValero de Bernabé, Luis. _9112666 |
|
| 830 | 0 |
_aEl Persevante Borgoña ; _v11 _9178469 |
|
| 852 |
_aES-MaACL _jL-17813 |
||
| 999 |
_c10316 _d10316 |
||